| 000 | 01371ngm a22003610a 4500 | ||
|---|---|---|---|
| 001 | PT58524 | ||
| 003 | AR-LpoUNG | ||
| 005 | 20210202000135.0 | ||
| 007 | vd cvaizq | ||
| 008 | 191001s2007||||ag |||||||||||||||||spa d | ||
| 040 |
_aAR-LpoUNG _bspa _cAR-LpoUNG _eaacr |
||
| 041 | _aspa | ||
| 044 | _aag | ||
| 082 | 0 | _a282.82 421jai | |
| 100 | 1 |
_aCéspedes, Marcelo _edir. |
|
| 245 | 1 | 0 | _aJaime de Nevares, último viaje |
| 260 |
_aBuenos Aires : _bCine Ojo, _c2007. |
||
| 300 | _aDVD (80 min.) : son., col. | ||
| 505 | 0 | _aGuión: Osvaldo Bayer, Ernesto Lamas. Música: Edgardo Rudnitzky. | |
| 520 | _aDocumental sobre el cura de la Patagonia, la integridad y la lucha del Obispo de Neuquén Jaime de Nevares, su tarea social al lado de los obreros, su participación en la CONADEP, su postura contra los indultos, y la renuncia a su cargo de congresal por el FREPASO durante la reforma de la Constitución; la película se complementa con otros momentos de la vida del cura, y con imágenes desde el sanatorio donde falleció. | ||
| 650 | 4 | _aARGENTINA | |
| 650 | 4 | _aASPECTOS SOCIALES | |
| 650 | 4 | _aBIOGRAFIAS | |
| 650 | 4 | _aPRACTICA RELIGIOSA | |
| 651 | 4 | _aArgentina | |
| 653 | _aDOCUMENTALES | ||
| 653 | _aSERPAC | ||
| 653 | _aVIDEOS | ||
| 700 | 1 |
_aGuarini, Carmen _edir. |
|
| 710 | 2 | _aCine Ojo (Buenos Aires) | |
| 905 | _a58524 | ||
| 942 | _cDVD | ||
| 999 |
_c54173 _d54173 |
||